[Event "Stuttgart-chB int"]
[Site "Ditzingen"]
[Date "2012.05.19"]
[Round "5"]
[White "Thren, Christian"]
[Black "Lebeda, Lukas"]
[Result "0-1"]
[WhiteElo "1518"]
[BlackElo "1672"]
[PlyCount "28"]
[EventDate "2012.05.17"]
[EventType "swiss"]
[EventRounds "7"]
[EventCountry "GER"]
[SourceTitle "EXT 2018"]
[Source "ChessBase"]
[SourceDate "2017.10.13"]
[SourceVersion "1"]
[SourceVersionDate "2017.10.13"]
[SourceQuality "1"]

1. c4 c5 2. Nc3 Nf6 3. Nf3 d5 4. cxd5 Nxd5 5. e3 Nc6 6. a3 e5 7. Bb5 Nxc3 8. bxc3 f6 9. d4 exd4 10. cxd4 Qa5+ 11. Bd2 Qxb5 12. dxc5 Bxc5 13. Qc2 Bb6 14. 0-0-0 Be6 0-1

[Event "GER-ch U25 op"]
[Site "Willingen"]
[Date "2009.06.03"]
[Round "6"]
[White "Lebeda, Lukas"]
[Black "Holle, Cedric"]
[Result "0-1"]
[WhiteElo "1710"]
[BlackElo "1701"]
[PlyCount "56"]
[EventDate "2009.05.30"]
[EventType "swiss"]
[EventRounds "9"]
[EventCountry "GER"]
[SourceTitle "EXT 2010"]
[Source "ChessBase"]
[SourceDate "2010.11.25"]
[SourceVersion "1"]
[SourceVersionDate "2010.11.25"]
[SourceQuality "1"]

1. c4 c6 2. Nc3 d5 3. d4 Bf5 4. Nf3 Nf6 5. Bf4 e6 6. Qb3 Qd7 7. e3 Bd6 8. Bxd6 Qxd6 9. Qxb7 Nfd7 10. Qc8+ Ke7 11. Qxh8 Qb4 12. Be2 Qxb2 13. 0-0 Qxc3 14. cxd5 cxd5 15. Bb5 Nf6 16. Qxg7 Nbd7 17. Bxd7 Rg8 18. Qh6 Ng4 19. Qh4+ Kxd7 20. Rfc1 Qb2 21. Qg3 Rc8 22. Re1 h5 23. Ne5+ Ke7 24. Nxg4 hxg4 25. f3 gxf3 26. Qxf3 Be4 27. Qf2 Rc2 28. Qh4+ Kd7 0-1

[Event "GER-ch U25 op"]
[Site "Willingen"]
[Date "2009.06.01"]
[Round "3"]
[White "Stark, Sven"]
[Black "Lebeda, Lukas"]
[Result "1-0"]
[WhiteElo "1763"]
[BlackElo "1710"]
[PlyCount "35"]
[EventDate "2009.05.30"]
[EventType "swiss"]
[EventRounds "9"]
[EventCountry "GER"]
[SourceTitle "EXT 2010"]
[Source "ChessBase"]
[SourceDate "2010.11.25"]
[SourceVersion "1"]
[SourceVersionDate "2010.11.25"]
[SourceQuality "1"]

1. e4 c5 2. Nf3 g6 3. c3 Bg7 4. d4 cxd4 5. cxd4 Nc6 6. Bc4 d6 7. 0-0 Qb6 8. Nc3 Nxd4 9. Be3 Bg4 10. Bxf7+ Kxf7 11. Ng5+ Ke8 12. Qxg4 Qxb2 13. Nd5 Nf6 14. Nxf6+ Bxf6 15. Rab1 Qe2 16. Qh3 b6 17. Bxd4 Bxd4 18. Ne6 1-0

[Event "GER-ch U25 op"]
[Site "Willingen"]
[Date "2009.05.31"]
[Round "2"]
[White "Lebeda, Lukas"]
[Black "Batora, Manuel"]
[Result "1-0"]
[WhiteElo "1710"]
[BlackElo "900"]
[PlyCount "67"]
[EventDate "2009.05.30"]
[EventType "swiss"]
[EventRounds "9"]
[EventCountry "GER"]
[SourceTitle "EXT 2010"]
[Source "ChessBase"]
[SourceDate "2010.11.25"]
[SourceVersion "1"]
[SourceVersionDate "2010.11.25"]
[SourceQuality "1"]

1. c4 c6 2. Nc3 d5 3. d4 Nf6 4. Nf3 Bg4 5. Bg5 Ne4 6. Bf4 e6 7. h3 Bh5 8. e3 Bb4 9. Qc2 0-0 10. Nd2 Nxd2 11. Qxd2 Nd7 12. c5 Qf6 13. a3 Ba5 14. b4 Bd8 15. Bd6 Re8 16. f4 Be7 17. Bxe7 Rxe7 18. g4 Bg6 19. Rd1 Qh4+ 20. Qf2 Qxf2+ 21. Kxf2 b6 22. Bd3 Bxd3 23. Rxd3 a5 24. Kf3 axb4 25. axb4 Ra3 26. Nxd5 Rxd3 27. Nxe7+ Kf8 28. Nxc6 bxc5 29. Ra1 g6 30. bxc5 Rc3 31. Ra7 Nxc5 32. dxc5 Rxc5 33. Ne5 f6 34. Nd7+ 1-0

[Event "Stuttgart-chB int"]
[Site "Ditzingen"]
[Date "2009.05.23"]
[Round "6"]
[White "Steimbach, Isabel"]
[Black "Lebeda, Lukas"]
[Result "1-0"]
[WhiteElo "1510"]
[BlackElo "1710"]
[PlyCount "39"]
[EventDate "2009.05.21"]
[EventType "swiss"]
[EventRounds "7"]
[EventCountry "GER"]
[SourceTitle "EXT 2018"]
[Source "ChessBase"]
[SourceDate "2017.10.13"]
[SourceVersion "1"]
[SourceVersionDate "2017.10.13"]
[SourceQuality "1"]

1. e4 c5 2. Nf3 g6 3. d4 cxd4 4. Nxd4 Bg7 5. Nc3 Nc6 6. Be3 Nf6 7. Bc4 0-0 8. 0-0 a6 9. Nf3 b5 10. Bb3 b4 11. Nd5 Nxe4 12. Bb6 Qe8 13. Nc7 Qd8 14. Nxa8 Qe8 15. Nc7 Qd8 16. Rb1 d6 17. Nd5 Qd7 18. Re1 Qf5 19. Ba4 e6 20. Bxc6 1-0

[Event "Stuttgart-chB int"]
[Site "Ditzingen"]
[Date "2009.05.21"]
[Round "3"]
[White "Lebeda, Lukas"]
[Black "Awiszus, Thomas"]
[Result "0-1"]
[WhiteElo "1710"]
[BlackElo "1539"]
[PlyCount "48"]
[EventDate "2009.05.21"]
[EventType "swiss"]
[EventRounds "7"]
[EventCountry "GER"]
[SourceTitle "EXT 2018"]
[Source "ChessBase"]
[SourceDate "2017.10.13"]
[SourceVersion "1"]
[SourceVersionDate "2017.10.13"]
[SourceQuality "1"]

1. c4 Nf6 2. Nc3 g6 3. g3 Bg7 4. Bg2 0-0 5. Nf3 d6 6. 0-0 e5 7. d3 Nc6 8. Rb1 Nh5 9. e4 f5 10. Nh4 f4 11. Bd2 Qe8 12. Nd5 Qf7 13. b4 Nd4 14. gxf4 exf4 15. Nf3 c6 16. Nxd4 Bxd4 17. Bc3 Bxc3 18. Nxc3 f3 19. Bh1 Qf6 20. Ne2 fxe2 21. Qxe2 Qg5+ 22. Bg2 Nf4 23. Qf3 Nh3+ 24. Kh1 Rxf3 0-1

[Event "GER-chT U12"]
[Site "Verden an der Aller"]
[Date "2006.12.30"]
[Round "7.2"]
[White "Lebeda, Lukas"]
[Black "Holle, Eric"]
[Result "1-0"]
[WhiteElo "1016"]
[BlackElo "1412"]
[PlyCount "57"]
[EventDate "2006.12.27"]
[EventType "team-swiss"]
[EventRounds "7"]
[EventCountry "GER"]
[SourceTitle "EXT 2008"]
[Source "ChessBase"]
[SourceDate "2007.11.25"]
[SourceVersion "1"]
[SourceVersionDate "2007.11.25"]
[SourceQuality "1"]
[WhiteTeam "Deizisau U12"]
[BlackTeam "Heusweiler SC Reti U12"]
[WhiteTeamCountry "GER"]
[BlackTeamCountry "GER"]

1. c4 e5 2. g3 Nc6 3. Bg2 Bc5 4. d3 d6 5. Nf3 Nf6 6. 0-0 Bg4 7. Nc3 Qd7 8. Na4 0-0-0 9. Nxc5 dxc5 10. Qb3 Rhe8 11. Re1 e4 12. dxe4 Nxe4 13. Bf4 Na5 14. Qc2 f6 15. Rad1 Qe6 16. Rxd8+ Rxd8 17. b3 Nc6 18. h4 Bf5 19. Qc1 Nb4 20. a3 Nc6 21. Rd1 Rxd1+ 22. Qxd1 Nc3 23. Qd2 Nxe2+ 24. Kh2 Nxf4 25. Qxf4 Na5 26. Nd2 Bc2 27. h5 Nxb3 28. Nxb3 Bxb3 29. Bh3 1-0

[Event "GER-chT U12"]
[Site "Verden an der Aller"]
[Date "2006.12.29"]
[Round "5.2"]
[White "Konow, Philipp"]
[Black "Lebeda, Lukas"]
[Result "1-0"]
[WhiteElo "1723"]
[BlackElo "1412"]
[PlyCount "47"]
[EventDate "2006.12.27"]
[EventType "team-swiss"]
[EventRounds "7"]
[EventCountry "GER"]
[SourceTitle "EXT 2008"]
[Source "ChessBase"]
[SourceDate "2007.11.25"]
[SourceVersion "1"]
[SourceVersionDate "2007.11.25"]
[SourceQuality "1"]
[WhiteTeam "Stader SV U12"]
[BlackTeam "Deizisau U12"]
[WhiteTeamCountry "GER"]
[BlackTeamCountry "GER"]

1. d4 Nf6 2. c4 g6 3. Nc3 Bg7 4. e4 d6 5. Nf3 0-0 6. Be3 Nbd7 7. Be2 e5 8. Qd2 Qe7 9. d5 Ne8 10. Bg5 f6 11. Bh4 g5 12. Bg3 h6 13. h4 g4 14. Nh2 h5 15. f3 Nb6 16. fxg4 hxg4 17. Nxg4 Bxg4 18. Bxg4 Nxc4 19. Be6+ Kh8 20. Qe2 Nb6 21. Qh5+ Bh6 22. Qxh6+ Qh7 23. Qxf8+ Qg8 24. Qxg8# 1-0

[Event "GER-chT U12"]
[Site "Verden an der Aller"]
[Date "2006.12.28"]
[Round "4.2"]
[White "Lebeda, Lukas"]
[Black "Osmanodja, Bilgin"]
[Result "0-1"]
[WhiteElo "1412"]
[BlackElo "1655"]
[PlyCount "118"]
[EventDate "2006.12.27"]
[EventType "team-swiss"]
[EventRounds "7"]
[EventCountry "GER"]
[SourceTitle "EXT 2008"]
[Source "ChessBase"]
[SourceDate "2007.11.25"]
[SourceVersion "1"]
[SourceVersionDate "2007.11.25"]
[SourceQuality "1"]
[WhiteTeam "Deizisau U12"]
[BlackTeam "Dresden USV TU U12"]
[WhiteTeamCountry "GER"]
[BlackTeamCountry "GER"]

1. d4 Nf6 2. c4 g6 3. Nc3 Bg7 4. Nf3 d6 5. e4 0-0 6. Bd3 Nbd7 7. 0-0 e5 8. d5 Ne8 9. Ng5 h6 10. Nh3 Nc5 11. Qf3 g5 12. Qg3 g4 13. Be2 gxh3 14. Bxh6 hxg2 15. Qxg2 Qf6 16. Bg5 Bh3 17. Bxf6 Bxg2 18. Bxg7 Bxf1 19. Bxf8 Bxe2 20. Bxd6 Nxd6 21. Nxe2 Ncxe4 22. b3 Kh7 23. Re1 Rg8+ 24. Ng3 f5 25. Kf1 Nxg3+ 26. hxg3 Nf7 27. Kg2 Rg6 28. Rh1+ Rh6 29. Re1 Rd6 30. Rh1+ Kg6 31. a4 Rb6 32. Rb1 Nd6 33. c5 Rb4 34. cxd6 cxd6 35. Rb2 Rd4 36. Rc2 Rd3 37. b4 Rd4 38. b5 Rxa4 39. Rc7 Rd4 40. Rxb7 Rxd5 41. Rxa7 Rxb5 42. Ra6 Rd5 43. Kf3 Kg5 44. Ra8 e4+ 45. Kg2 Rd1 46. Rg8+ Kf6 47. Rf8+ Ke6 48. f4 d5 49. Re8+ Kf7 50. Re5 Kf6 51. Re8 d4 52. Rd8 d3 53. Kf2 Rd2+ 54. Ke1 Rg2 55. Rg8 e3 56. Rf8+ Ke7 57. Rg8 d2+ 58. Kf1 Rf2+ 59. Kg1 d1Q# 0-1

[Event "GER-chT U12"]
[Site "Verden an der Aller"]
[Date "2006.12.28"]
[Round "3.2"]
[White "Lebeda, Lukas"]
[Black "Raschkowski, Alexander"]
[Result "1-0"]
[WhiteElo "1412"]
[BlackElo "1221"]
[PlyCount "69"]
[EventDate "2006.12.27"]
[EventType "team-swiss"]
[EventRounds "7"]
[EventCountry "GER"]
[SourceTitle "EXT 2008"]
[Source "ChessBase"]
[SourceDate "2007.11.25"]
[SourceVersion "1"]
[SourceVersionDate "2007.11.25"]
[SourceQuality "1"]
[WhiteTeam "Deizisau U12"]
[BlackTeam "Brackel SF U12"]
[WhiteTeamCountry "GER"]
[BlackTeamCountry "GER"]

1. c4 e5 2. g3 Nc6 3. Bg2 g6 4. d3 Bg7 5. Nc3 d6 6. Nf3 f5 7. Bg5 Nf6 8. Nd5 0-0 9. Qd2 Ne7 10. Nxf6+ Bxf6 11. Bxf6 Rxf6 12. Qh6 Qf8 13. Qh4 h6 14. c5 g5 15. Qb4 Nc6 16. Qc4+ Be6 17. Qc3 d5 18. e3 e4 19. Nd4 Bd7 20. Nxc6 Bxc6 21. d4 a6 22. a4 h5 23. h4 g4 24. 0-0 Qe8 25. b3 Rf8 26. Rfc1 Rf7 27. Bf1 a5 28. Be2 Ra7 29. Bd1 Qa8 30. Ra2 Rf8 31. Be2 Kg7 32. Rca1 Kg8 33. Qc2 Kg7 34. Rb2 Rg8 35. Bb5 1-0

[Event "GER-ch op U25"]
[Site "Willingen"]
[Date "2006.06.04"]
[Round "2"]
[White "Lebeda, Lukas"]
[Black "Sonntag, Hermann"]
[Result "0-1"]
[WhiteElo "1253"]
[BlackElo "2047"]
[PlyCount "56"]
[EventDate "2006.06.04"]
[EventType "swiss"]
[EventRounds "9"]
[EventCountry "GER"]
[SourceTitle "EXT 2007"]
[Source "ChessBase"]
[SourceDate "2006.11.23"]
[SourceVersion "1"]
[SourceVersionDate "2006.11.23"]
[SourceQuality "1"]

1. c4 e5 2. g3 Nc6 3. Bg2 f5 4. d3 Nf6 5. Nc3 Bb4 6. Bd2 0-0 7. a3 Bxc3 8. Bxc3 d6 9. Nf3 Qe8 10. 0-0 Qh5 11. e3 Bd7 12. Nh4 Qh6 13. Bh3 g5 14. Bxf5 gxh4 15. Bxd7 Nxd7 16. Qg4+ Qg7 17. Qxh4 Rf3 18. d4 Raf8 19. b4 R8f5 20. Ra2 Nf6 21. dxe5 Nxe5 22. Bxe5 dxe5 23. c5 e4 24. Rd2 h6 25. Qh3 Ng4 26. Qg2 Nxe3 27. Qh3 Nxf1 28. Kxf1 e3 0-1

[Event "GER-ch U25"]
[Site "Willingen"]
[Date "2005.05.16"]
[Round "4"]
[White "Sonnhalter, Stella"]
[Black "Lebeda, Lukas"]
[Result "0-1"]
[WhiteElo "1262"]
[BlackElo "1222"]
[PlyCount "98"]
[EventDate "2005.05.14"]
[EventType "swiss"]
[EventRounds "9"]
[EventCountry "GER"]
[SourceTitle "CBM 106 Extra"]
[Source "ChessBase"]
[SourceDate "2005.07.01"]
[SourceVersion "1"]
[SourceVersionDate "2005.07.01"]
[SourceQuality "1"]

1. e4 c5 2. Nf3 d6 3. d4 cxd4 4. Nxd4 g6 5. Nc3 Bg7 6. Be3 Nf6 7. Bc4 0-0 8. Qd2 e5 9. Nf3 Nc6 10. h3 Bd7 11. 0-0 a6 12. a4 Na7 13. a5 Bc6 14. Bd5 Bxd5 15. exd5 Qd7 16. Bb6 Nb5 17. Rfe1 Nxc3 18. Qxc3 Nxd5 19. Qc4 Nxb6 20. axb6 Rac8 21. Qb3 Qc6 22. c3 Qc4 23. Ra3 Qxb3 24. Rxb3 Rc6 25. Rd1 Rd8 26. Kf1 d5 27. Rb4 Bf8 28. Nxe5 Bxb4 29. Nxc6 bxc6 30. cxb4 Rb8 31. Rc1 Rxb6 32. g3 Kf8 33. Kg2 Ke7 34. Ra1 Kf6 35. Kf3 Rxb4 36. Rxa6 Rc4 37. Ke3 h5 38. h4 Re4+ 39. Kf3 Re6 40. Ra5 Kf5 41. Rc5 Ke5 42. Rc3 f6 43. g4 Rd6 44. Rd3 d4 45. gxh5 gxh5 46. b3 Rd8 47. Rd2 Rb8 48. Rd3 Rb4 49. Ke2 Ke4 0-1

[Event "GER-ch U25"]
[Site "Willingen"]
[Date "2005.05.14"]
[Round "1"]
[White "Lebeda, Lukas"]
[Black "Rosenblatt, Marcus"]
[Result "0-1"]
[WhiteElo "1222"]
[BlackElo "1852"]
[PlyCount "106"]
[EventDate "2005.05.14"]
[EventType "swiss"]
[EventRounds "9"]
[EventCountry "GER"]
[SourceTitle "CBM 106 Extra"]
[Source "ChessBase"]
[SourceDate "2005.07.01"]
[SourceVersion "1"]
[SourceVersionDate "2005.07.01"]
[SourceQuality "1"]

1. d4 Nf6 2. c4 e5 3. dxe5 Ne4 4. Nd2 Bb4 5. a3 Bxd2+ 6. Bxd2 Nxd2 7. Qxd2 Nc6 8. Nf3 Qe7 9. Qc3 0-0 10. e3 Re8 11. Bd3 a5 12. 0-0 a4 13. Rfd1 Nxe5 14. Nxe5 Qxe5 15. Qxe5 Rxe5 16. Rac1 d6 17. Re1 Bd7 18. Rc3 f5 19. Rec1 g6 20. c5 d5 21. b4 axb3 22. Rxb3 Bc6 23. Re1 d4 24. Rf1 dxe3 25. fxe3 Rxc5 26. Ra1 Bd5 27. Rb4 Rc3 28. Be2 Rcxa3 29. Rc1 Rxe3 30. Bf3 Bxf3 31. gxf3 Re7 32. Rxb7 Rc8 33. Kg2 Kf7 34. Kg3 c5 35. Rb5 c4 36. Rb4 c3 37. Rh4 Kf6 38. Rd4 Re2 39. Rd3 c2 40. f4 Rc4 41. h4 Ree4 42. Rf3 Ke6 43. Rf2 Rc3+ 44. Rf3 Rec4 45. Re1+ Kd6 46. Rc1 Kc5 47. Rxc3 Rxc3+ 48. Kg2 Kc4 49. Kf2 Kd3 50. Ke1 Rc4 51. h5 gxh5 52. Kf2 Kd2 53. Rxc2+ Rxc2 0-1

[Event "Wuerttemberg-ch U12"]
[Site "Friedrichshafen"]
[Date "2005.03.30"]
[Round "4"]
[White "Ameln, Till"]
[Black "Lebeda, Lukas"]
[Result "1/2-1/2"]
[WhiteElo "1103"]
[BlackElo "1147"]
[PlyCount "52"]
[EventDate "2005.03.29"]
[EventType "swiss"]
[EventRounds "7"]
[EventCountry "GER"]
[SourceTitle "EXT 2007"]
[Source "ChessBase"]
[SourceDate "2006.11.23"]
[SourceVersion "1"]
[SourceVersionDate "2006.11.23"]
[SourceQuality "1"]

1. d4 Nf6 2. c4 g6 3. Nc3 Bg7 4. e4 d6 5. Nf3 Nbd7 6. Bf4 0-0 7. Be2 Re8 8. 0-0 b6 9. Re1 Bb7 10. Bd3 e5 11. Bg5 exd4 12. Nxd4 h6 13. Bh4 Nc5 14. Qf3 Nxd3 15. Qxd3 Qd7 16. f3 Nh5 17. Nd5 c6 18. Nc3 Nf4 19. Qd2 Ne6 20. Bf2 Ba6 21. b3 c5 22. Nxe6 Qxe6 23. Rac1 Red8 24. Nd5 Rac8 25. Kh1 Bb7 26. Rcd1 Bxd5 1/2-1/2

[Event "GER-ch U25 op"]
[Site "Willingen"]
[Date "2004.06.04"]
[Round "9"]
[White "Lebeda, Lukas"]
[Black "Finkbeiner, Alina"]
[Result "1-0"]
[WhiteElo "1135"]
[BlackElo "904"]
[PlyCount "37"]
[EventDate "2004.05.30"]
[EventType "swiss"]
[EventRounds "9"]
[EventCountry "GER"]
[SourceTitle "EXT 2005"]
[Source "ChessBase"]
[SourceDate "2004.11.15"]
[SourceVersion "1"]
[SourceVersionDate "2004.11.15"]
[SourceQuality "1"]

1. d4 d5 2. c4 Nf6 3. Nc3 e6 4. Bf4 Bb4 5. a3 Bxc3+ 6. bxc3 b6 7. e3 Bb7 8. cxd5 Bxd5 9. Nf3 0-0 10. Be2 Nc6 11. 0-0 Ne4 12. Qd3 f5 13. c4 e5 14. Nxe5 Rf6 15. cxd5 Qxd5 16. Nxc6 Qxc6 17. f3 Nc3 18. Rac1 Qd7 19. Qxc3 1-0